Agile database techniques : effective strategies for the agile software developer

Αποθηκεύτηκε σε:
Λεπτομέρειες βιβλιογραφικής εγγραφής
Κύριος συγγραφέας: Ambler, Scott W. 1966-
Μορφή: Βιβλίο
Γλώσσα:English
Δημοσίευση: Indianapolis, IN : Wiley, c2003
Θέματα:
Ετικέτες: Προσθήκη ετικέτας
Δεν υπάρχουν, Καταχωρήστε ετικέτα πρώτοι!

MARC

LEADER 00000nam a2200000 i 4500
001 1/66436
008 041123s2003 eng d
020 |a 0-471-20283-5 
035 |l 10075397 
040 |a GR-MY-UA  |b gre  |e aacr 
041 0 |a eng 
082 0 |a 005.74  |2 (21) 
100 1 |a Ambler, Scott W.  |d 1966- 
245 1 0 |a Agile database techniques :  |b effective strategies for the agile software developer /  |c Scott W. Ambler 
260 |a Indianapolis, IN :   |b Wiley,   |c c2003 
300 |a xxvii, 447 σ.;  |b εικ.;  |c 24 εκ. 
504 |a Περιλαμβάνει βιβλιογραφία (σ. 421-427). Ευρετήριο 
650 0 0 |a Database management. 
650 0 0 |a Computer software  |x Development. 
852 |a INST  |b SYROS  |e 20041123  |h 005.74 AMB  |p 005500004098  |q 005500004098  |t BK  |y 0 
901 |a BIBL5-2004-3 
909 |a Ε  |b 115751 
920 |a ΔΙΕΥΡΥΝΣΗ  |b ΕΠΕΑΕΚ-ΤΜΣΠΣ  |y ΣΥΡΟΣ  |z 2004-10 
970 |a ΚΑΓΙΑΒΑ  |b ΕΙΡΗΝΗ  |z 2004/11/23